000 00598cam a22002171 4500
001 ne 68000499
003 DLC
005 20260227111838.0
008 890402q19501959xx ac 000 0 per
010 _ane 68000499
035 _a(OCoLC)23555884
040 _aDLC
_cMiU
_dDLC
042 _apremarc
050 0 0 _aDS317
_b.M6
100 0 _aMohammad Reza Pahlavi,
_cShah of Iran,
_d1919-1980.
245 1 0 _aRiz̤ā Shāh-i Kabīr.
260 _c[195-?]
300 _a118 p.
_billus., ports. (part col.)
_c23 cm.
500 _aRomanized.
600 0 0 _aReza Shah Pahlavi,
_cShah of Iran,
_d1878-1944.
999 _c50069
_d50069